| 000 | 01634nam a22003497ia4500 | ||
|---|---|---|---|
| 999 |
_c170939 _d170939 |
||
| 003 | PPAK | ||
| 005 | 20190131104049.0 | ||
| 008 | 190110t2016 cauao||j |||| 001 0 eng d | ||
| 020 |
_cRM378.00 _qset |
||
| 020 |
_a9781480746909 _cRM37.80 _qpaperback |
||
| 040 |
_aPPAK _beng _cPPAK _erda |
||
| 082 | 0 | 4 |
_223 _a333.82 |
| 090 | 0 | 0 |
_a333.82 _bRIC _dK |
| 100 | 1 |
_aRice, William B., _eauthor. _d1961- |
|
| 245 | 1 | 0 |
_aThe Story of Fossil Fuels / _cWilliam B. Rice ; Illustrator : Timothy Bradley |
| 264 | 1 |
_aHuntington Beach, CA : T _bTeacher Created Materials, _c[2016] |
|
| 264 | 4 | _c©2016 | |
| 300 |
_a32 pages : _bcolour photographs ; _c23 cm |
||
| 336 |
_2rdacontent _atext |
||
| 337 |
_2rdamedia _aunmediated |
||
| 338 |
_2rdacarrier _avolume |
||
| 490 | 1 | _aEarth and Space Science | |
| 500 | _aIncludes index | ||
| 505 | _aOne Fine day -- What are fossil fuels? -- How are fossil fuels made? -- How do we use fossil fuels? -- Where do we find fossil fuels today? -- Extraction and refining -- How much more? -- Think like a scientist. | ||
| 520 | _a"Everything needs energy to run. You get energy from food. Cars also need energy. But cars don't eat food--they use gasoline. Gasoline is made from fossil fuels. Fossil fuels are used every day. Even roads for cars are made from fossil fuels. Fossil fuels are a part of your life more than you probably imagined."-- Provided by publisher. | ||
| 521 | 1 | _aGrades 4 to 6 | |
| 650 | 1 | 0 |
_aFossil fuels _vJuvenile literature |
| 650 | 2 | 0 |
_aNatural resouces _vJuvenile literature |
| 700 |
_aBradley, Timothy, _eillustrator. |
||
| 830 | 0 | _aEarth and space science | |
| 942 |
_2ddc _cB |
||